Catholic University of Zimbabwe Library
Online Public Access Catalogue
(OPAC)

Exploring movie construction and production : (Record no. 28344)

MARC details
000 -LEADER
fixed length control field 02737cam a2200421 i 4500
001 - CONTROL NUMBER
control field bcotR000204
005 - DATE AND TIME OF LATEST TRANSACTION
control field 20210215102200.0
006 - FIXED-LENGTH DATA ELEMENTS--ADDITIONAL MATERIAL CHARACTERISTICS
fixed length control field m u
007 - PHYSICAL DESCRIPTION FIXED FIELD--GENERAL INFORMATION
fixed length control field cr cn ---uuuuu
008 - FIXED-LENGTH DATA ELEMENTS--GENERAL INFORMATION
fixed length control field 170726s2017 nyu o 000 0 eng d
020 ## - INTERNATIONAL STANDARD BOOK NUMBER
International Standard Book Number 9781942341468
Qualifying information (ebook)
035 ## - SYSTEM CONTROL NUMBER
System control number (OCoLC)993255777
037 ## - SOURCE OF ACQUISITION
Source of stock number/acquisition BCOpenCampus
Terms of availability CostFree
Form of issue FormOnline
Additional format characteristics AccessOpen
040 ## - CATALOGING SOURCE
Original cataloging agency BNM
Language of cataloging eng
Description conventions rda
Modifying agency CaBSKC
050 #4 - LIBRARY OF CONGRESS CALL NUMBER
Classification number PN1996.9.P7
Item number R45 2017eb
100 1# - MAIN ENTRY--PERSONAL NAME
Personal name Reich, John,
Relator term author.
245 10 - TITLE STATEMENT
Title Exploring movie construction and production :
Remainder of title what's so exciting about movies? /
Statement of responsibility, etc. John Reich.
264 #1 - PRODUCTION, PUBLICATION, DISTRIBUTION, MANUFACTURE, AND COPYRIGHT NOTICE
Name of producer, publisher, distributor, manufacturer Open SUNY Textbooks,
264 #2 - PRODUCTION, PUBLICATION, DISTRIBUTION, MANUFACTURE, AND COPYRIGHT NOTICE
Name of producer, publisher, distributor, manufacturer BCcampus, BC Open Textbook Project
300 ## - PHYSICAL DESCRIPTION
Extent 1 online resource (vii, 83 pages)
500 ## - GENERAL NOTE
General note This work is licensed under the Creative Commons Attribution-NonCommercial-ShareAlike License.
500 ## - GENERAL NOTE
General note This bibliographic record is available under the Creative Commons CC0 "No Rights Reserved" license.
520 ## - SUMMARY, ETC.
Summary, etc. "Exploring Movie Construction and Production contains eight chapters of the major areas of film construction and production. The discussion covers theme, genre, narrative structure, character portrayal, story, plot, directing style, cinematography, and editing. Important terminology is defined and types of analysis are discussed and demonstrated. An extended example of how a movie description reflects the setting, narrative structure, or directing style is used throughout the book to illustrate building blocks of each theme. This approach to film instruction and analysis has proved beneficial to increasing students' learning, while enhancing the creativity and critical thinking of the student"--BC Campus website.
588 ## - SOURCE OF DESCRIPTION NOTE
Source of description note Description based on online resource; title from pdf title page (viewed on July 26, 2017).
650 #0 - SUBJECT ADDED ENTRY--TOPICAL TERM
Topical term or geographic name entry element Motion pictures
General subdivision Production and direction
Form subdivision Textbooks.
650 #0 - SUBJECT ADDED ENTRY--TOPICAL TERM
Topical term or geographic name entry element Motion picture authorship
Form subdivision Textbooks.
655 #0 - INDEX TERM--GENRE/FORM
Genre/form data or focus term Electronic books.
710 2# - ADDED ENTRY--CORPORATE NAME
Corporate name or jurisdiction name as entry element Open SUNY Textbooks,
Relator term issuing body.
710 2# - ADDED ENTRY--CORPORATE NAME
Corporate name or jurisdiction name as entry element BC Open Textbook Project,
Relator term distributor.
710 2# - ADDED ENTRY--CORPORATE NAME
Corporate name or jurisdiction name as entry element BCcampus.
856 40 - ELECTRONIC LOCATION AND ACCESS
Materials specified BC Open Textbook Project title homepage
Uniform Resource Identifier <a href="https://open.bccampus.ca/find-open-textbooks/?uuid=19892992-ae43-48c4-a832-59faa1d7108b&contributor=&keyword=&subject=">https://open.bccampus.ca/find-open-textbooks/?uuid=19892992-ae43-48c4-a832-59faa1d7108b&contributor=&keyword=&subject=</a>
856 40 - ELECTRONIC LOCATION AND ACCESS
Materials specified BC Open Textbook Project
Uniform Resource Identifier <a href="http://solr.bccampus.ca:8001/bcc/file/19892992-ae43-48c4-a832-59faa1d7108b/1/Exploring-Movie-Construction-and-Production-1499438054.pdf">http://solr.bccampus.ca:8001/bcc/file/19892992-ae43-48c4-a832-59faa1d7108b/1/Exploring-Movie-Construction-and-Production-1499438054.pdf</a>
856 40 - ELECTRONIC LOCATION AND ACCESS
Materials specified Open SUNY
Uniform Resource Identifier <a href="https://milnepublishing.geneseo.edu/exploring-movie-construction-and-production/">https://milnepublishing.geneseo.edu/exploring-movie-construction-and-production/</a>
Holdings
Withdrawn status Lost status Source of classification or shelving scheme Damaged status Not for loan Home library Current library Shelving location Date acquired Total Checkouts Full call number Date last seen Uniform Resource Identifier Price effective from Koha item type
          Digital Library Digital Library Online Access 15.02.2021   PN1996.9.P7 R45 2017eb 15.02.2021 https://open.bccampus.ca/find-open-textbooks/?uuid=19892992-ae43-48c4-a832-59faa1d7108b&contributor=&keyword=&subject= 15.02.2021 eBook

OPENING HOURS

Weekdays: 0815hrs - 1800hrs
Weekends:0900hrs - 1200hrs

Closed for Mass:

Mon, Thur: 1200hrs - 1300hrs
Sunday & Public Holiday’s

CALL SUPPORT

0242-570570, 0242-570169
09200664, +263 8644140602

LOCATION

18443, Cranborne Avenue, Hatfield, Harare

Other Links


©2021 | CUZ Library